000
003120000a22001450004500
003
MACL
040
_a
MACL
090
_c
32775
_d
32773
100
_a
Mahajan, Dr V D
245
_a
Jurisprudence & Legal Theory
260
_b
Eastern Book Company
_c
2000
350
_a
130
650
_a
Law
942
_c
BOOK
_k
340/MAH
999
_c
32440
_d
32440